| 000 | 00455nam a22001457a 4500 | ||
|---|---|---|---|
| 005 | 20170406104715.0 | ||
| 008 | 170406b xxu||||| |||| 00| 0 eng d | ||
| 040 | _cPK-LaUMT | ||
| 082 |
_aZIAC 297.082 _bNAZ-A |
||
| 100 | _aناظم ندوی ، محمد | ||
| 245 |
_aعورت مرد کے برابر کیوں نہیں؟/ _cمحمد ناظم ندوی |
||
| 260 |
_aکراچی:ُ _bادارہ تصنیف اشاعت، _c1987 |
||
| 300 | _a140 ص | ||
| 942 | _cBK | ||
| 999 |
_c92363 _d92363 |
||